Statistics without maths for psychology / (Record no. 21708)
[ view plain ]
| 000 -LEADER | |
|---|---|
| fixed length control field | 01780cam a22002775a 4500 |
| 001 - CONTROL NUMBER | |
| control field | 18058811 |
| 005 - DATE AND TIME OF LATEST TRANSACTION | |
| control field | 20170213124925.0 |
| 008 - FIXED-LENGTH DATA ELEMENTS--GENERAL INFORMATION | |
| fixed length control field | 140307s2014 enka fr 001 0 eng d |
| 020 ## - INTERNATIONAL STANDARD BOOK NUMBER | |
| International Standard Book Number | 9780273774990 |
| 040 ## - CATALOGING SOURCE | |
| Original cataloging agency | DLC |
| Language of cataloging | eng |
| Transcribing agency | DLC |
| Modifying agency | EG-ScBUE |
| 082 04 - DEWEY DECIMAL CLASSIFICATION NUMBER | |
| Classification number | 150.727 |
| Edition number | 22 |
| Item number | DAN |
| 100 1# - MAIN ENTRY--PERSONAL NAME | |
| Personal name | Dancey, Christine P. |
| 9 (RLIN) | 39933 |
| 245 10 - TITLE STATEMENT | |
| Title | Statistics without maths for psychology / |
| Statement of responsibility, etc | Christine P. Dancey, John Reidy. |
| 250 ## - EDITION STATEMENT | |
| Edition statement | 6th ed. |
| 260 ## - PUBLICATION, DISTRIBUTION, ETC. (IMPRINT) | |
| Place of publication, distribution, etc | Harlow : |
| Name of publisher, distributor, etc | Pearson Education Limited, |
| Date of publication, distribution, etc | 2014. |
| 300 ## - PHYSICAL DESCRIPTION | |
| Extent | xxiv, 611 p. : |
| Other physical details | ill. ; |
| Dimensions | 24 cm. |
| 500 ## - GENERAL NOTE | |
| General note | Index : p. [601]-611. |
| 505 0# - FORMATTED CONTENTS NOTE | |
| Formatted contents note | Preface -- Acknowledgements -- Guided tour of the book and website -- Variables and research design -- Introduction to spss -- Descriptive statistics -- Probability, sampling and distributions -- Hypothesis testing and statistical significance -- Correlational analysis : pearson's r -- Analyses of differences between two conditions : the t-test -- Issues of significance -- Measures of association -- Analysis of differences between three or more conditions -- Analysis of variance with more than one iv -- Regression analysis -- Analysis of three or more groups partialling out effects of a covariate -- Introduction to factor analysis -- Introduction to multivariate analysis of variance (manova) -- Non-parametric statistics -- Answers to activities and spss exercises -- Appendix 1: table of z-scores and the proportion of the standard normal distribution falling above and below each score -- Appendix 2: table r to zr -- Index. |
| 630 07 - SUBJECT ADDED ENTRY--UNIFORM TITLE | |
| Uniform title | SPSS for Windows. |
| 9 (RLIN) | 4287 |
| 650 #7 - SUBJECT ADDED ENTRY--TOPICAL TERM | |
| Topical term or geographic name as entry element | Mathematical statistics. |
| Source of heading or term | BUEsh |
| 9 (RLIN) | 7173 |
| 650 #7 - SUBJECT ADDED ENTRY--TOPICAL TERM | |
| Topical term or geographic name as entry element | Psychology |
| General subdivision | Statistical methods. |
| Source of heading or term | BUEsh |
| 9 (RLIN) | 39934 |
| 651 ## - SUBJECT ADDED ENTRY--GEOGRAPHIC NAME | |
| Source of heading or term | BUEsh |
| 653 ## - INDEX TERM--UNCONTROLLED | |
| Resource For college | Humanities: Psychology |
| Arrived date list | May2016 |
| 700 1# - ADDED ENTRY--PERSONAL NAME | |
| Personal name | Reidy, John. |
| 942 ## - ADDED ENTRY ELEMENTS (KOHA) | |
| Source of classification or shelving scheme | Dewey Decimal Classification |
| Withdrawn status | Item status | Source of classification or shelving scheme | Damaged status | Not for loan | Vendor | Home library | Current library | Shelving location | Date acquired | Source of acquisition | Cost, normal purchase price | Total Checkouts | Full call number | Barcode | Date last seen | Date last borrowed | Cost, replacement price | Koha item type |
|---|---|---|---|---|---|---|---|---|---|---|---|---|---|---|---|---|---|---|
| Dewey Decimal Classification | Alahram | Central Library | Central Library | Lower Floor | 09/05/2016 | Purchase | 295.00 | 1 | 150.727 DAN | 000032444 | 15/07/2025 | 19/11/2017 | 368.75 | Book - Borrowing |